Croades / Michel Azama ; traducció de Santiago Sans ; pròleg de Michel Azama
Descripción Física:
132 p. ; 18 cm
Colección:
Biblioteca teatral ; 90
Otros Autores:
Sans, Santiago, tr
MARC
| LEADER | 00000nam a2200000Ia 4500 | ||
|---|---|---|---|
| 001 | 11609 | ||
| 008 | 160829s1997 xx 000 0 cat d | ||
| 080 | |a L-1-274 | ||
| 100 | |a Azama, Michel |9 30706 | ||
| 245 | |a Croades / Michel Azama ; traducció de Santiago Sans ; pròleg de Michel Azama | ||
| 260 | |a Barcelona : |b Institut del Teatre. Diputació de Barcelona, |c 1997 | ||
| 300 | |a 132 p. ; |c 18 cm | ||
| 490 | |a Biblioteca teatral ; 90 | ||
| 700 | |a Sans, Santiago, tr. |9 30707 | ||
| 710 | 1 | |a Institut del Teatre (Barcelona, Catalunya) |9 52662 | |
| 901 | |a Arxiu | ||
| 942 | |n 1 | ||
| 952 | |0 0 |1 0 |4 0 |6 L1274 |7 1 |9 45495 |a Arxiu |b Arxiu |d 2016-12-01 |l 0 |o L-1-274 |p 11609 |r 2016-12-01 00:00:00 |w 2016-12-01 |y ARXIU | ||
| 999 | |c 48660 |d 48660 | ||